| 000 | 00760nam a22001937a 4500 | ||
|---|---|---|---|
| 999 |
_c59757 _d59757 |
||
| 003 | Ge_BSU | ||
| 005 | 20230411105012.0 | ||
| 008 | 230411s2009 ge ||||| |||| 00| 0 geo d | ||
| 020 | _a9789941125812 | ||
| 041 | _ageo | ||
| 080 | _a355.48(479.22)+94(479.22) ჩ-95 | ||
| 100 |
_aჩხარტიშვილი, მარიამ _913522 |
||
| 245 |
_aსახეები საქართველოს წარსულიდან / _b _cმარიამ ჩხარტიშვილი. |
||
| 264 |
_aთბილისი : _b უნივერსალი, _c2009. |
||
| 300 |
_a90 გვ.; _b20 სმ. |
||
| 504 | _aბიბლიოგრ.: გვ. 90. | ||
| 653 | _aქართველი მეფეები | ||
| 942 |
_2udc _cBK |
||